| 000 | 00490nam a22001817a 4500 | ||
|---|---|---|---|
| 999 |
_c2723 _d2723 |
||
| 003 | AR-CdUCM | ||
| 008 | 190305b ||||| |||| 00| 0 spa d | ||
| 040 |
_aMUNICIPALIDAD PROVINCIAL DEL CUSCO _cBIBLIOTECA MUNICIPAL DEL CUSCO |
||
| 082 |
_a869.56 / _bAL46 |
||
| 100 |
_aAltmann, Julio _99535 |
||
| 245 | _aPerfil de sangre / | ||
| 260 |
_aPerú : _bCEIP, _c1989. |
||
| 300 |
_a19.5 cm ; _c62 cm. |
||
| 650 |
_aPoesía _9139 |
||
| 650 |
_aSiglo XX _98 |
||
| 942 |
_2ddc _cLIBROS |
||
| 945 | _aafb | ||